[Event "Festival GEMA - Cerrado GM"]
[Site "Mondariz ESP"]
[Date "2006.12.30"]
[Round "5.4"]
[White "Movsziszian, Karen"]
[Black "Salgado Lopez, Ivan"]
[Result "0-1"]
[WhiteElo "2456"]
[BlackElo "2425"]
[PlyCount "110"]
[EventDate "2006.10.09"]
[EventType "tourn"]
[EventRounds "9"]
[EventCountry "ESP"]
[EventCategory "7"]
[Source "lmi"]
[SourceDate "2006.12.26"]

1. g3 e5 2. Bg2 Nf6 3. d3 d5 4. Nf3 Nc6 5. O-O Be7 6. c3 O-O 7. Nbd2 Ne8 8. e4
dxe4 9. dxe4 Be6 10. Qe2 Nd6 11. Rd1 f6 12. Nf1 Qc8 13. N3d2 Rd8 14. Ne3 a5 15.
b3 Bf8 16. h4 a4 17. b4 b5 18. a3 Na7 19. h5 h6 20. Bf3 Qb7 21. Bb2 Qc6 22. Nd5
Nac8 23. Nf1 Nb6 24. Nfe3 Nbc4 25. Bc1 Kh8 26. Kh2 Qb7 27. Ng2 c6 28. Nde3 Nxe3
29. Bxe3 Bc4 30. Qe1 Bb3 31. Rd2 Nc4 32. Rxd8 Rxd8 33. Nh4 Qd7 34. Bg2 Qd3 35.
Ba7 Kg8 36. Bh3 Kf7 37. Bf5 Ra8 38. Be3 Nxe3 39. fxe3 Rd8 40. Kh3 Qd2 41. Qg1
Rd3 42. Re1 Rxc3 43. Nf3 Qd3 44. Qh1 c5 45. Kh4 cxb4 46. Qh3 Qd6 47. axb4 a3
48. Qf1 Bc4 49. Qf2 Kg8 50. Nd2 Bd3 51. Ra1 Qxb4 52. Be6+ Kh8 53. Qf5 Rc2 54.
Bd5 Qxd2 55. Rh1 Qh2+ 0-1

[Event "Festival GEMA - Cerrado GM"]
[Site "Mondariz ESP"]
[Date "2006.12.30"]
[Round "5.5"]
[White "Martinez Martin, David"]
[Black "Rotstein, Arkadij"]
[Result "0-1"]
[WhiteElo "2415"]
[BlackElo "2539"]
[PlyCount "132"]
[EventDate "2006.10.09"]
[EventType "tourn"]
[EventRounds "9"]
[EventCountry "ESP"]
[EventCategory "7"]
[Source "lmi"]
[SourceDate "2006.12.26"]

1. Nf3 Nf6 2. c4 b6 3. g3 c5 4. Bg2 Bb7 5. O-O g6 6. Nc3 Bg7 7. d4 cxd4 8. Qxd4
d6 9. Qh4 h6 10. Be3 Nbd7 11. Qd4 Rc8 12. b3 O-O 13. Qd2 h5 14. Rac1 a6 15. Bd4
Re8 16. Bh3 Rc7 17. Nd5 Nxd5 18. cxd5 Rxc1 19. Rxc1 Nf6 20. Bxf6 exf6 21. Nd4
Qe7 22. Bg2 f5 23. e3 h4 24. Qb4 hxg3 25. hxg3 Bh6 26. Nc6 Qc7 27. Rc4 b5 28.
Rc2 Bg5 29. a4 bxa4 30. bxa4 Bc8 31. Nd4 Qe7 32. Nc6 Qf8 33. a5 Qg7 34. Qb3 Bf6
35. Qb6 Qh6 36. Na7 Bd7 37. Qxd6 Rxe3 38. Qxd7 Re1+ 39. Bf1 Kg7 40. Rc7 Be7 41.
Qxe7 Rxe7 42. Rxe7 Qd2 43. Rd7 f4 44. g4 f3 45. Rc7 Qd4 46. Bh3 Qxd5 47. Nc8
Qxa5 48. Nd6 Kf6 49. Ne4+ Kg7 50. Nd6 Qa1+ 51. Bf1 Qd4 52. Rxf7+ Kh6 53. Ne8
Qxg4+ 54. Kh2 Qh4+ 55. Kg1 Qg5+ 56. Kh1 Qh5+ 57. Kg1 Qg4+ 58. Kh2 Qe6 59. Rxf3
Qxe8 60. Bxa6 Qe5+ 61. Kg2 Qd5 62. Bc8 Kh5 63. Bh3 Kh4 64. Be6 Qe4 65. Bf7 g5
66. Bg6 Qb7 0-1

[Event "Festival GEMA - Cerrado GM"]
[Site "Mondariz ESP"]
[Date "2006.01.02"]
[Round "6.1"]
[White "Ortega Hermida, Daniel"]
[Black "Rotstein, Arkadij"]
[Result "0-1"]
[WhiteElo "2380"]
[BlackElo "2539"]
[PlyCount "106"]
[EventDate "2006.10.09"]
[EventType "tourn"]
[EventRounds "9"]
[EventCountry "ESP"]
[EventCategory "7"]
[Source "lmi"]
[SourceDate "2006.12.26"]

1. d4 Nf6 2. Nf3 e6 3. c4 b6 4. a3 c5 5. d5 Ba6 6. Qb3 g6 7. Bf4 Bg7 8. dxe6
fxe6 9. Nc3 Nc6 10. e3 O-O 11. Bd6 Re8 12. h4 e5 13. O-O-O Bb7 14. Qc2 e4 15.
Ng5 Ne5 16. Ngxe4 Nxe4 17. Nxe4 Nf7 18. Bd3 Rc8 19. Bf4 d5 20. Ng5 b5 21. Nxf7
Kxf7 22. Bg5 Qb6 23. cxd5 c4 24. Be2 b4 25. d6 b3 26. Bxc4+ Kf8 27. Be7+ Rxe7
28. dxe7+ Kxe7 29. Qd3 Qc7 30. Qxb3 Qxc4+ 31. Qxc4 Rxc4+ 32. Kd2 Bxg2 33. Rc1
Rxc1 34. Rxc1 Kd6 35. h5 Bxb2 36. Rg1 Be4 37. f3 Bxf3 38. hxg6 hxg6 39. Rxg6+
Kc7 40. Ra6 Kb7 41. Ra4 Be5 42. Rb4+ Kc6 43. Ra4 Kb6 44. Rh4 a5 45. Kd3 Bc6 46.
a4 Bg3 47. Rd4 Be1 48. Kc2 Kc5 49. Kb2 Bf2 50. Rg4 Bxe3 51. Kc3 Bd5 52. Rh4 Bf2
53. Rf4 Be1+ 0-1

[Event "Festival GEMA - Cerrado GM"]
[Site "Mondariz ESP"]
[Date "2006.01.02"]
[Round "6.2"]
[White "Salgado Lopez, Ivan"]
[Black "Martinez Martin, David"]
[Result "1-0"]
[WhiteElo "2425"]
[BlackElo "2415"]
[PlyCount "137"]
[EventDate "2006.10.09"]
[EventType "tourn"]
[EventRounds "9"]
[EventCountry "ESP"]
[EventCategory "7"]
[Source "lmi"]
[SourceDate "2006.12.26"]

1. e4 c5 2. Nf3 d6 3. d4 cxd4 4. Nxd4 Nf6 5. Nc3 g6 6. Be3 Bg7 7. f3 Nc6 8. Qd2
Bd7 9. Bc4 Rb8 10. a3 Na5 11. Ba2 b5 12. Bh6 Bxh6 13. Qxh6 Nc4 14. O-O-O b4 15.
axb4 Rxb4 16. Bxc4 Rxc4 17. Rhe1 Qa5 18. Nb3 Qh5 19. Qxh5 Nxh5 20. e5 dxe5 21.
Rxe5 Nf4 22. g3 Ne6 23. Ra5 Rc7 24. f4 h5 25. h4 f6 26. Nd5 Rb7 27. Re1 Bc8 28.
Nc5 Nxc5 29. Rxc5 Kf7 30. Ne3 Be6 31. b3 Rc8 32. Rxc8 Bxc8 33. Kb2 Rd7 34. Kc3
Bb7 35. Ra1 Be4 36. Ra5 Rc7+ 37. Kd2 Rd7+ 38. Ke2 Rb7 39. Rc5 Ke6 40. Rc4 Bh1
41. b4 Kd6 42. c3 e5 43. fxe5+ Kxe5 44. Rc5+ Ke6 45. Nc2 Kd6 46. Nd4 Re7+ 47.
Kf2 a6 48. Ra5 Bb7 49. Nb3 Bc8 50. Nc5 Bg4 51. c4 Re2+ 52. Kf1 Ke5 53. Nd7+ Kd4
54. Nxf6 Re6 55. Nxg4 hxg4 56. b5 axb5 57. cxb5 Kc5 58. Ra6 Re3 59. Kf2 Rf3+
60. Kg2 g5 61. hxg5 Rf5 62. b6 Kc6 63. g6 Rg5 64. Kf2 Kb7 65. Ra7+ Kxb6 66. Rg7
Re5 67. Rg8 Kb7 68. g7 Rg5 69. Ke3 1-0

[Event "Festival GEMA - Cerrado GM"]
[Site "Mondariz ESP"]
[Date "2006.01.02"]
[Round "6.3"]
[White "Andres Gonzalez, Alberto"]
[Black "Movsziszian, Karen"]
[Result "1/2-1/2"]
[WhiteElo "2426"]
[BlackElo "2456"]
[PlyCount "115"]
[EventDate "2006.10.09"]
[EventType "tourn"]
[EventRounds "9"]
[EventCountry "ESP"]
[EventCategory "7"]
[Source "lmi"]
[SourceDate "2006.12.26"]

1. e4 d6 2. d4 g6 3. Nc3 c6 4. f4 Qb6 5. Bc4 Nh6 6. h3 d5 7. exd5 Nf5 8. Nge2
Bg7 9. Bb3 Nxd4 10. Na4 Qa5+ 11. Bd2 Qc7 12. Bc3 Nf5 13. Bxg7 Nxg7 14. Qd4 O-O
15. O-O-O cxd5 16. Bxd5 Be6 17. Qc5 Nc6 18. Nac3 Rfc8 19. g4 b6 20. Qe3 Rab8
21. Bxe6 fxe6 22. Nd4 Nxd4 23. Rxd4 b5 24. a3 a5 25. Qe4 Qb7 26. Rhd1 Qxe4 27.
Nxe4 h6 28. R1d3 Kf7 29. Rd7 Ne8 30. Nd2 Nf6 31. Ra7 Ra8 32. Rb7 Rab8 33. Rxb8
Rxb8 34. Nf3 Rc8 35. Ne5+ Kg7 36. Rd4 Nd5 37. Kd2 Rf8 38. Nd3 Rc8 39. b3 g5 40.
f5 Kf6 41. fxe6 Kxe6 42. c4 bxc4 43. Re4+ Kf6 44. bxc4 Nb6 45. Kc3 Na4+ 46. Kd4
Rd8+ 47. Ke3 Nc3 48. Rd4 Rb8 49. c5 Rc8 50. Rd7 Nb5 51. a4 Nc3 52. Kd4 Nxa4 53.
Ra7 e5+ 54. Kc4 e4 55. Ra6+ Ke7 56. Ra7+ Kf6 57. Ra6+ Kg7 58. Ra7+ 1/2-1/2

[Event "Festival GEMA - Cerrado GM"]
[Site "Mondariz ESP"]
[Date "2006.01.02"]
[Round "6.4"]
[White "Recuero Guerra, David"]
[Black "Gallardo Garcia, Andres"]
[Result "1-0"]
[WhiteElo "2350"]
[BlackElo "2314"]
[PlyCount "79"]
[EventDate "2006.10.09"]
[EventType "tourn"]
[EventRounds "9"]
[EventCountry "ESP"]
[EventCategory "7"]
[Source "lmi"]
[SourceDate "2006.12.26"]

1. e4 e5 2. Bc4 Nf6 3. d3 Nc6 4. Nc3 Na5 5. Nge2 c6 6. a4 Nxc4 7. dxc4 Be7 8.
O-O O-O 9. b3 Qa5 10. Qd3 d6 11. Ba3 Be6 12. Rad1 Rad8 13. Kh1 a6 14. Qe3 b5
15. b4 Qc7 16. cxb5 d5 17. exd5 cxd5 18. f4 Ng4 19. Qg3 d4 20. f5 Ne3 21. fxe6
Nxf1 22. Rxf1 dxc3 23. bxa6 fxe6 24. Rxf8+ Rxf8 25. Qe3 Qc4 26. h3 Bxb4 27.
Bxb4 Qxb4 28. Nxc3 Rc8 29. a7 Qa5 30. Nb5 Qxa4 31. Qxe5 Qxc2 32. Qxe6+ Kf8 33.
Qd6+ Kf7 34. Qb8 Qd1+ 35. Kh2 Rc1 36. Qf4+ Kg6 37. Qe4+ Kh6 38. a8=Q Qg1+ 39.
Kg3 Rc5 40. Qh4+ 1-0

[Event "Festival GEMA - Cerrado GM"]
[Site "Mondariz ESP"]
[Date "2006.01.02"]
[Round "6.5"]
[White "Adla, Diego"]
[Black "Hoffman, Alejandro"]
[Result "0-1"]
[WhiteElo "2487"]
[BlackElo "2442"]
[PlyCount "118"]
[EventDate "2006.10.09"]
[EventType "tourn"]
[EventRounds "9"]
[EventCountry "ESP"]
[EventCategory "7"]
[Source "lmi"]
[SourceDate "2006.12.26"]

1. c4 g6 2. Nf3 Bg7 3. e4 c5 4. d4 cxd4 5. Nxd4 Nc6 6. Nc2 Nf6 7. Nc3 d6 8. Be2
Nd7 9. Bd2 a5 10. O-O Nc5 11. Re1 O-O 12. Bf1 f5 13. exf5 Bxf5 14. Be3 Nb4 15.
Na3 Ncd3 16. Bxd3 Nxd3 17. Re2 Nxb2 18. Qb3 Nd3 19. Nab5 a4 20. Qa3 Ne5 21. Rd1
Bg4 22. f3 Nxf3+ 23. gxf3 Bxf3 24. Nd4 Bxe2 25. Ncxe2 Qc8 26. Qd3 Qg4+ 27. Kh1
Be5 28. Rg1 Qh3 29. Rg2 Rf1+ 30. Ng1 Raf8 31. Qe4 R8f7 32. c5 Qc8 33. c6 bxc6
34. Nxc6 Qf5 35. Qc4 d5 36. Qxd5 Bd6 37. Qc4 Qf3 38. Bb6 Qf4 39. Qd5 Qf5 40.
Qc4 Rf4 41. Nd4 Qe4 42. Qc8+ Rf8 43. Qc4+ Kh8 44. Qe2 Qxe2 45. Rxe2 Rb8 46. Ne6
Rxb6 47. Nxf4 Bxf4 48. Rxe7 Rb2 49. Ne2 Bd6 50. Re6 Rxa2 51. Rxd6 Rxe2 52. Ra6
Ra2 53. Ra7 a3 54. Kg1 Kg8 55. h4 h6 56. Kh1 Kf8 57. Kg1 h5 58. Kh1 Ke8 59. Kg1
Kd8 0-1

[Event "Festival GEMA - Cerrado GM"]
[Site "Mondariz ESP"]
[Date "2006.01.03"]
[Round "7.1"]
[White "Hoffman, Alejandro"]
[Black "Ortega Hermida, Daniel"]
[Result "1-0"]
[WhiteElo "2442"]
[BlackElo "2380"]
[PlyCount "101"]
[EventDate "2006.10.09"]
[EventType "tourn"]
[EventRounds "9"]
[EventCountry "ESP"]
[EventCategory "7"]
[Source "lmi"]
[SourceDate "2006.12.26"]

1. d4 Nf6 2. c4 c5 3. d5 b5 4. cxb5 a6 5. b6 d6 6. Nc3 g6 7. Nf3 Bg7 8. Nd2
Nbd7 9. a4 Nxb6 10. e4 a5 11. Bb5+ Bd7 12. Be2 O-O 13. O-O Ne8 14. Nc4 Nxc4 15.
Bxc4 Rb8 16. Qe2 Nc7 17. f4 e6 18. Qf3 exd5 19. Nxd5 Nxd5 20. Bxd5 Be6 21. Rd1
Qe7 22. Bc6 f5 23. Ra3 Rb4 24. exf5 Bxf5 25. Re3 Qc7 26. Re2 Rd4 27. Rxd4 Bxd4+
28. Be3 Bf6 29. Rd2 Rd8 30. Bd5+ Kh8 31. b3 Re8 32. Bf2 Qe7 33. h3 Rf8 34. Re2
Qg7 35. Be6 Bd4 36. Bxf5 Bxf2+ 37. Rxf2 gxf5 38. Rd2 Rd8 39. Rd5 Qf6 40. Qd3
Qe6 41. Rxc5 dxc5 42. Qxd8+ Kg7 43. Qd3 Qb6 44. Kf2 Kf6 45. g4 fxg4 46. hxg4
Qb4 47. Qf5+ Kg7 48. Qd7+ Kg6 49. Qe6+ Kg7 50. Kg3 Qc3+ 51. Kh4 1-0

[Event "Festival GEMA - Cerrado GM"]
[Site "Mondariz ESP"]
[Date "2006.01.03"]
[Round "7.2"]
[White "Gallardo Garcia, Andres"]
[Black "Adla, Diego"]
[Result "1/2-1/2"]
[WhiteElo "2314"]
[BlackElo "2487"]
[PlyCount "68"]
[EventDate "2006.10.09"]
[EventType "tourn"]
[EventRounds "9"]
[EventCountry "ESP"]
[EventCategory "7"]
[Source "lmi"]
[SourceDate "2006.12.26"]

1. d4 Nf6 2. c4 g6 3. Nc3 Bg7 4. e4 O-O 5. f3 c5 6. d5 e6 7. Bg5 h6 8. Be3 exd5
9. cxd5 d6 10. Qd2 a6 11. a4 Re8 12. Nge2 Nh7 13. Nf4 Nd7 14. Be2 Ne5 15. O-O
c4 16. a5 Bd7 17. Na4 Nf6 18. Nb6 g5 19. Nxd7 Qxd7 20. Nh3 Rac8 21. Nf2 Qd8 22.
f4 gxf4 23. Bxf4 Ng6 24. Bxh6 Nxe4 25. Nxe4 Rxe4 26. Bxg7 Kxg7 27. Ra3 Qe7 28.
Rh3 Rh8 29. Rxh8 Kxh8 30. Bf3 Re5 31. Qc3 Qc7 32. Rc1 Kh7 33. Qb4 Qe7 34. Rf1
Qc7 1/2-1/2

[Event "Festival GEMA - Cerrado GM"]
[Site "Mondariz ESP"]
[Date "2006.01.03"]
[Round "7.3"]
[White "Movsziszian, Karen"]
[Black "Recuero Guerra, David"]
[Result "1-0"]
[WhiteElo "2456"]
[BlackElo "2350"]
[PlyCount "93"]
[EventDate "2006.10.09"]
[EventType "tourn"]
[EventRounds "9"]
[EventCountry "ESP"]
[EventCategory "7"]
[Source "lmi"]
[SourceDate "2006.12.26"]

1. e4 c5 2. b3 d5 3. exd5 Qxd5 4. Nc3 Qd8 5. Nf3 Nf6 6. Bb2 a6 7. g3 Nc6 8. Bg2
Bg4 9. h3 Bh5 10. d3 e6 11. g4 Bg6 12. Qd2 Bd6 13. O-O-O Qc7 14. Kb1 O-O-O 15.
Nh4 Nd4 16. Ne2 Be7 17. Nxg6 hxg6 18. Nxd4 cxd4 19. c4 Kb8 20. b4 e5 21. a3 Nh7
22. Qc2 Ng5 23. Qb3 f5 24. h4 Ne6 25. g5 Rh7 26. Bc1 Rdh8 27. c5 Nd8 28. Rde1
Rxh4 29. Rxh4 Rxh4 30. Qg8 Rh2 31. Bd5 Rxf2 32. Qxg7 Nc6 33. Bxc6 bxc6 34. Qxe5
Qxe5 35. Rxe5 Bd8 36. Re6 f4 37. Rxg6 f3 38. Rg8 Kc7 39. Rg7+ Kc8 40. Rf7 Rf1
41. g6 Rg1 42. g7 f2 43. Rxf2 Rxg7 44. Bb2 Rg4 45. Kc2 a5 46. Kb3 axb4 47. axb4
1-0

[Event "Festival GEMA - Cerrado GM"]
[Site "Mondariz ESP"]
[Date "2006.01.03"]
[Round "7.4"]
[White "Martinez Martin, David"]
[Black "Andres Gonzalez, Alberto"]
[Result "0-1"]
[WhiteElo "2415"]
[BlackElo "2426"]
[PlyCount "114"]
[EventDate "2006.10.09"]
[EventType "tourn"]
[EventRounds "9"]
[EventCountry "ESP"]
[EventCategory "7"]
[Source "lmi"]
[SourceDate "2006.12.26"]

1. e4 d5 2. exd5 Qxd5 3. Nc3 Qd6 4. g3 Nf6 5. Bg2 g6 6. Nge2 Bg7 7. O-O O-O 8.
d4 c6 9. Bf4 Qd8 10. Re1 Be6 11. Qd2 Bd5 12. Nxd5 cxd5 13. Nc1 Nc6 14. c3 e6
15. Nd3 Ne7 16. Qd1 Nf5 17. Qb3 Nd6 18. Qb4 Nfe8 19. b3 a5 20. Qa3 Rc8 21. Rac1
g5 22. Bd2 Nf5 23. Kh1 Ned6 24. Qb2 b5 25. Ne5 Re8 26. f4 h6 27. fxg5 hxg5 28.
Qb1 b4 29. cxb4 Rxc1 30. Qxc1 axb4 31. Bxb4 Nxd4 32. Nc6 Nxc6 33. Qxc6 Nf5 34.
Bd2 Nd4 35. Qc1 Qa8 36. Bxg5 Qxa2 37. Bxd5 Qa5 38. Bg2 Nxb3 39. Qd1 Rc8 40. Be3
Rd8 41. Qe2 Qc3 42. Rf1 Rd3 43. Bg5 Rd7 44. Qb5 Qd3 45. Qb8+ Kh7 46. Qf4 Qd4
47. Be4+ Kg8 48. Qb8+ Bf8 49. Bg2 Nc5 50. Bf6 Qg4 51. h3 Qe2 52. Rb1 Rd1+ 53.
Kh2 Nd7 54. Qd8 Rd2 55. Rg1 Ne5 56. Qa5 Nf3+ 57. Kh1 Qxg2+ 0-1

[Event "Festival GEMA - Cerrado GM"]
[Site "Mondariz ESP"]
[Date "2006.01.03"]
[Round "7.5"]
[White "Rotstein, Arkadij"]
[Black "Salgado Lopez, Ivan"]
[Result "1/2-1/2"]
[WhiteElo "2539"]
[BlackElo "2425"]
[PlyCount "120"]
[EventDate "2006.10.09"]
[EventType "tourn"]
[EventRounds "9"]
[EventCountry "ESP"]
[EventCategory "7"]
[Source "lmi"]
[SourceDate "2006.12.26"]

1. Nf3 d5 2. c4 c6 3. e3 Nf6 4. Nc3 a6 5. Qc2 e6 6. d4 c5 7. dxc5 Bxc5 8. a3
Nc6 9. b4 Bd6 10. Bb2 Qe7 11. Rd1 dxc4 12. Bxc4 h6 13. O-O O-O 14. Ne4 Nxe4 15.
Qxe4 Rd8 16. Bd3 g6 17. Qc4 Bd7 18. Qc2 Be8 19. Qc3 e5 20. Nd2 Rac8 21. Qb3 Kh7
22. Ne4 Bb8 23. Nc5 Bd6 24. Rc1 a5 25. Be4 axb4 26. axb4 b6 27. Na4 Nxb4 28.
Rxc8 Rxc8 29. Nxb6 Rb8 30. Nc4 Bc7 31. Ba3 f5 32. Bf3 Bf7 33. Be2 Qe6 34. Bxb4
Bd6 35. Qc3 Rxb4 36. Rd1 Be7 37. Nxe5 Be8 38. Nd3 Rc4 39. Qa5 Ra4 40. Qc7 Rc4
41. Qa7 Ra4 42. Qb8 Bd6 43. Qb7+ Qe7 44. Qxe7+ Bxe7 45. Nf4 Bf6 46. Bf3 Ra1 47.
Rxa1 Bxa1 48. Bd5 Kg7 49. g3 g5 50. Ne2 Kf6 51. f4 Bd7 52. Kf2 Ke7 53. Bc4 Kd6
54. h3 Bb2 55. Nd4 Kc5 56. fxg5 hxg5 57. Be6 f4 58. Nb3+ Kb4 59. Bxd7 fxe3+ 60.
Kxe3 Kxb3 1/2-1/2

[Event "Festival GEMA - Cerrado GM"]
[Site "Mondariz ESP"]
[Date "2006.01.04"]
[Round "8.1"]
[White "Ortega Hermida, Daniel"]
[Black "Salgado Lopez, Ivan"]
[Result "1/2-1/2"]
[WhiteElo "2380"]
[BlackElo "2425"]
[PlyCount "67"]
[EventDate "2006.10.09"]
[EventType "tourn"]
[EventRounds "9"]
[EventCountry "ESP"]
[EventCategory "7"]
[Source "lmi"]
[SourceDate "2006.12.26"]

1. d4 d5 2. c4 c6 3. Nc3 Nf6 4. Nf3 a6 5. e3 Bf5 6. Qb3 Ra7 7. Bd2 e6 8. Nh4
Bg6 9. Nxg6 hxg6 10. Be2 Bd6 11. g3 Nbd7 12. Qc2 b5 13. c5 Bc7 14. f4 b4 15.
Nd1 Ne4 16. Bf3 Nxd2 17. Qxd2 g5 18. Nf2 f5 19. O-O-O a5 20. Kb1 g6 21. Rdg1
Ra8 22. Bd1 Nf8 23. Ba4 Kd7 24. Nd3 Qf6 25. Qg2 gxf4 26. gxf4 Qh4 27. h3 Rh6
28. Qc2 Qe7 29. Rg3 Nh7 30. Rhg1 Qf7 31. Qg2 Rg8 32. Qe2 Ra8 33. Qg2 Rg8 34.
Qe2 1/2-1/2

[Event "Festival GEMA - Cerrado GM"]
[Site "Mondariz ESP"]
[Date "2006.01.04"]
[Round "8.2"]
[White "Andres Gonzalez, Alberto"]
[Black "Rotstein, Arkadij"]
[Result "1/2-1/2"]
[WhiteElo "2426"]
[BlackElo "2539"]
[PlyCount "61"]
[EventDate "2006.10.09"]
[EventType "tourn"]
[EventRounds "9"]
[EventCountry "ESP"]
[EventCategory "7"]
[Source "lmi"]
[SourceDate "2006.12.26"]

1. Nf3 Nf6 2. c4 e6 3. g3 d5 4. d4 dxc4 5. Qa4+ Nbd7 6. Qxc4 a6 7. Bg2 b5 8.
Qc2 Bb7 9. O-O c5 10. dxc5 Bxc5 11. Bg5 Rc8 12. Qb3 Qb6 13. Bxf6 Nxf6 14. Nc3
O-O 15. Ne5 Bxg2 16. Kxg2 Bd4 17. Nf3 Bxc3 18. bxc3 Ne4 19. Rac1 Qc5 20. a4
Nxc3 21. axb5 axb5 22. Rfd1 Qc4 23. Qxc4 Rxc4 24. Rd7 b4 25. Rb7 Rcc8 26. Nd4
Rb8 27. Rxb8 Rxb8 28. Nc6 Nxe2 29. Rc4 Ra8 30. Nxb4 e5 31. Re4 1/2-1/2

[Event "Festival GEMA - Cerrado GM"]
[Site "Mondariz ESP"]
[Date "2006.01.04"]
[Round "8.3"]
[White "Recuero Guerra, David"]
[Black "Martinez Martin, David"]
[Result "1/2-1/2"]
[WhiteElo "2350"]
[BlackElo "2415"]
[PlyCount "74"]
[EventDate "2006.10.09"]
[EventType "tourn"]
[EventRounds "9"]
[EventCountry "ESP"]
[EventCategory "7"]
[Source "lmi"]
[SourceDate "2006.12.26"]

1. e4 e6 2. d4 d5 3. Nc3 Nf6 4. Bg5 Bb4 5. exd5 Qxd5 6. Bxf6 gxf6 7. Nge2 Nc6
8. Qd2 Bxc3 9. Nxc3 Qxd4 10. Qxd4 Nxd4 11. O-O-O c5 12. Ne4 Ke7 13. Nxc5 Rd8
14. c3 Nf5 15. Rxd8 Kxd8 16. Bd3 Nd6 17. g4 Ke7 18. Rd1 e5 19. f3 h5 20. gxh5
f5 21. h6 Be6 22. Nxe6 Kxe6 23. c4 b6 24. b4 e4 25. Re1 Ke5 26. Bc2 Nxc4 27.
fxe4 f4 28. Rg1 Ne3 29. h7 Rh8 30. Rg5+ Kd4 31. Rg7 f3 32. Rxf7 Nxc2 33. Kxc2
Ke3 34. e5 f2 35. e6 Rc8+ 36. Kd1 Rd8+ 37. Kc2 Rc8+ 1/2-1/2

[Event "Festival GEMA - Cerrado GM"]
[Site "Mondariz ESP"]
[Date "2006.01.04"]
[Round "8.4"]
[White "Adla, Diego"]
[Black "Movsziszian, Karen"]
[Result "0-1"]
[WhiteElo "2487"]
[BlackElo "2456"]
[PlyCount "82"]
[EventDate "2006.10.09"]
[EventType "tourn"]
[EventRounds "9"]
[EventCountry "ESP"]
[EventCategory "7"]
[Source "lmi"]
[SourceDate "2006.12.26"]

1. c4 g6 2. Nf3 Bg7 3. e4 d6 4. d4 Nf6 5. Nc3 O-O 6. Be2 c5 7. O-O Nc6 8. d5
Na5 9. Bd2 e5 10. g3 b6 11. Qc2 Qe7 12. Nh4 Bh3 13. Rfe1 Kh8 14. Ng2 Nd7 15.
Bd3 a6 16. Ne3 Nf6 17. Rab1 Nb7 18. b4 cxb4 19. Rxb4 Nc5 20. Rxb6 Nfd7 21. Rbb1
Nxd3 22. Qxd3 Nc5 23. Qe2 Bd7 24. f3 f5 25. Ned1 f4 26. Nf2 h5 27. Kh1 Rac8 28.
Rg1 Kh7 29. g4 Bf6 30. gxh5 gxh5 31. Nd3 Nxd3 32. Qxd3 Bh4 33. Rb7 Rg8 34. Rxg8
Rxg8 35. Qf1 Rg7 36. Ne2 Qd8 37. c5 dxc5 38. Bc3 Qf6 39. Qa1 Qg5 40. Qg1 Qe7
41. Qb1 Bg4 0-1

[Event "Festival GEMA - Cerrado GM"]
[Site "Mondariz ESP"]
[Date "2006.01.04"]
[Round "8.5"]
[White "Hoffman, Alejandro"]
[Black "Gallardo Garcia, Andres"]
[Result "1/2-1/2"]
[WhiteElo "2442"]
[BlackElo "2314"]
[PlyCount "31"]
[EventDate "2006.10.09"]
[EventType "tourn"]
[EventRounds "9"]
[EventCountry "ESP"]
[EventCategory "7"]
[Source "lmi"]
[SourceDate "2006.12.26"]

1. d4 d5 2. c4 e6 3. Nf3 c5 4. e3 Nc6 5. Nc3 Nf6 6. a3 a6 7. cxd5 exd5 8. Be2
cxd4 9. Nxd4 Bd6 10. O-O O-O 11. Nf3 Be6 12. b4 Ne4 13. Bb2 Rc8 14. Rc1 Bb8 15.
g3 Re8 16. Na4 1/2-1/2

[Event "Festival GEMA - Cerrado GM"]
[Site "Mondariz ESP"]
[Date "2006.01.05"]
[Round "9.1"]
[White "Gallardo Garcia, Andres"]
[Black "Ortega Hermida, Daniel"]
[Result "0-1"]
[WhiteElo "2314"]
[BlackElo "2380"]
[PlyCount "90"]
[EventDate "2006.10.09"]
[EventType "tourn"]
[EventRounds "9"]
[EventCountry "ESP"]
[EventCategory "7"]
[Source "lmi"]
[SourceDate "2006.12.26"]

1. d4 Nf6 2. c4 c5 3. d5 b5 4. cxb5 a6 5. bxa6 g6 6. Nc3 Bxa6 7. g3 d6 8. Bg2
Bg7 9. Nf3 Nfd7 10. O-O Nb6 11. Qc2 O-O 12. Rd1 N8d7 13. Rb1 Nc4 14. b3 Qa5 15.
Na4 Bb5 16. Nd2 Ncb6 17. Nxb6 Nxb6 18. a4 Bxe2 19. Re1 Qa6 20. Nc4 Bxc4 21.
bxc4 Qxc4 22. Qxc4 Nxc4 23. Rxe7 Rxa4 24. Bf1 Ne5 25. Bf4 Rd4 26. Bxe5 Bxe5 27.
f4 Bf6 28. Rd7 Rxd5 29. Rbb7 Rd1 30. Kg2 d5 31. Bc4 dxc4 32. Rxd1 c3 33. Kf3
Re8 34. Rc1 Bd4 35. Rc2 Re3+ 36. Kg4 Rd3 37. Ra7 h5+ 38. Kh3 Kg7 39. Re2 Be3
40. Ra6 Bxf4 41. Ra4 Rd2 42. Re1 Rd4 43. Ra5 Bd2 44. Rf1 Rc4 45. Ra7 c2 0-1

[Event "Festival GEMA - Cerrado GM"]
[Site "Mondariz ESP"]
[Date "2006.01.05"]
[Round "9.2"]
[White "Movsziszian, Karen"]
[Black "Hoffman, Alejandro"]
[Result "1/2-1/2"]
[WhiteElo "2456"]
[BlackElo "2442"]
[PlyCount "25"]
[EventDate "2006.10.09"]
[EventType "tourn"]
[EventRounds "9"]
[EventCountry "ESP"]
[EventCategory "7"]
[Source "lmi"]
[SourceDate "2006.12.26"]

1. d4 d5 2. c4 c6 3. Nf3 Nf6 4. Nc3 dxc4 5. a4 Bf5 6. e3 e6 7. Bxc4 Bb4 8. O-O
Nbd7 9. Qe2 O-O 10. e4 Bg6 11. Bd3 c5 12. Bf4 Re8 13. h3 1/2-1/2

[Event "Festival GEMA - Cerrado GM"]
[Site "Mondariz ESP"]
[Date "2006.01.05"]
[Round "9.3"]
[White "Martinez Martin, David"]
[Black "Adla, Diego"]
[Result "0-1"]
[WhiteElo "2415"]
[BlackElo "2487"]
[PlyCount "52"]
[EventDate "2006.10.09"]
[EventType "tourn"]
[EventRounds "9"]
[EventCountry "ESP"]
[EventCategory "7"]
[Source "lmi"]
[SourceDate "2006.12.26"]

1. e4 e5 2. Nf3 Nf6 3. Nxe5 d6 4. Nf3 Nxe4 5. Nc3 Nxc3 6. dxc3 Be7 7. Bf4 Nd7
8. Qd2 Nc5 9. O-O-O Bg4 10. Be2 Qd7 11. Kb1 O-O-O 12. h3 Be6 13. Nd4 Rhe8 14.
Nxe6 Nxe6 15. Be3 Kb8 16. f4 f5 17. Rhe1 Bh4 18. Rg1 Qe7 19. g3 Nc5 20. Bb5 c6
21. Rde1 Ne4 22. Qd4 c5 23. Qd5 Bxg3 24. Bxe8 Bxe1 25. Bh5 Bxc3 26. Bf3 Bf6 0-1

[Event "Festival GEMA - Cerrado GM"]
[Site "Mondariz ESP"]
[Date "2006.01.05"]
[Round "9.4"]
[White "Rotstein, Arkadij"]
[Black "Recuero Guerra, David"]
[Result "1-0"]
[WhiteElo "2539"]
[BlackElo "2350"]
[PlyCount "76"]
[EventDate "2006.10.09"]
[EventType "tourn"]
[EventRounds "9"]
[EventCountry "ESP"]
[EventCategory "7"]
[Source "lmi"]
[SourceDate "2006.12.26"]

1. Nf3 d5 2. b3 c5 3. e3 a6 4. Bb2 Nc6 5. d4 Bg4 6. dxc5 Qa5+ 7. Nbd2 Nf6 8. a3
Qxc5 9. b4 Qd6 10. c4 e6 11. Be2 Be7 12. h3 Bxf3 13. Bxf3 Ne5 14. O-O Nxf3+ 15.
Qxf3 O-O 16. Rfd1 a5 17. b5 a4 18. e4 d4 19. e5 Qxe5 20. Qxb7 Qd6 21. Ne4 Nxe4
22. Rxd4 Nc5 23. Rxd6 Nxb7 24. Rd7 Bf6 25. Bxf6 Nc5 26. Rc7 Nb3 27. Bc3 Nxa1
28. Bxa1 f6 29. Bd4 Rf7 30. Bb6 Rb8 31. Ba5 Kf8 32. Rc6 Ke8 33. Rxe6+ Kd7 34.
Re4 Re7 35. Rd4+ Kc8 36. Rd6 Rd7 37. Rc6+ Kb7 38. c5 Rc8 1-0

[Event "Festival GEMA - Cerrado GM"]
[Site "Mondariz ESP"]
[Date "2006.01.05"]
[Round "9.5"]
[White "Salgado Lopez, Ivan"]
[Black "Andres Gonzalez, Alberto"]
[Result "1/2-1/2"]
[WhiteElo "2425"]
[BlackElo "2426"]
[PlyCount "65"]
[EventDate "2006.10.09"]
[EventType "tourn"]
[EventRounds "9"]
[EventCountry "ESP"]
[EventCategory "7"]
[Source "lmi"]
[SourceDate "2006.12.26"]

1. e4 e5 2. Nf3 Nf6 3. Nxe5 d6 4. Nf3 Nxe4 5. Nc3 Nf6 6. d4 Be7 7. Bg5 Bg4 8.
h3 Bh5 9. Qe2 O-O 10. O-O-O h6 11. Be3 Nc6 12. g4 Bg6 13. Nh4 Bh7 14. Nf5 Re8
15. Qf3 Qd7 16. Rg1 Bxf5 17. gxf5 Kh8 18. d5 Ne5 19. Qg2 Bf8 20. Rd4 Qxf5 21.
Rf4 Qg6 22. Qh1 Qh7 23. Rh4 Reb8 24. f4 Ned7 25. Bd3 g6 26. f5 Ne5 27. fxg6
Nxd3+ 28. cxd3 fxg6 29. Qg2 Bg7 30. Qxg6 Qxg6 31. Rxg6 Kh7 32. Rg2 a5 33. Rc4
1/2-1/2